01013nam a2200265 a 450000100060000000300080000600500170001400800410003103500190007204000320009104100080012308200280013110000300015924501280018926000580031730000320037550000190040750400270042665000390045365000300049270000570052294200120057999900170059195201390060842352BD-RjUL20211209053529.0160612s1961 enka b 001 0 eng  a(BD-RjUL)42470 aDLCcDLCdDLCdBD-RjULbeng aeng00a324.24405223bTAF 19611 aTarr, Francis De 913026314aThe French Radical Party :bfrom Herriot to Mendès-France /cFrancis De Tarr, With a foreword by Pierre Mendès-France. aLondon :aNew York ;bOxford University Press,c1961. axi, 264 p. :bill ;c23 cm. aIncludes Index aIncludes bibliography. aPolitical partieszFrance.9130776 aPolitical parties9130777 a Mendès-France, Pierre With a foreword by 9130267 2ddccBK c42352d42352 00102ddc40708NFICaRUCLbRUCLcStackd1970-09-23eZitengerg35.00l0o324.24405 TAF 1961r2016-06-12 00:00:00tC-2w2016-06-12yBK